000 00687nam a2200253Ia 4500
003 OSt
005 20220918194159.0
006 a|||||r|||| 00| 0
007 ta
008 220917b |||||||| |||| 00| 0 eng d
024 _a78,222
037 _cTextual
040 _aARTS
_cARTS
_beng
041 _2eng
_aeng
082 _aS, J92
100 _aLana Robert E
_983564
245 0 _aIntroduction to contemporary psychology
260 _aNew York
_bHolt, Rinehart and Winston
_c1959
300 _a486p. illus
_ccm.
650 _aPSYCHOLOGY
700 _a Rosnow Ralph L
_918567
942 _hS, J92
_cTEXL
_2CC
999 _c202028
_d202028